Normal view
MARC view
- Christian life
Entry Topical Term
001 - CONTROL NUMBER
- control field: 90227
003 - CONTROL NUMBER IDENTIFIER
- control field: NUST
005 - DATE AND TIME OF LATEST TRANSACTION
- control field: 20220305123446.0
008 - FIXED-LENGTH DATA ELEMENTS
- fixed length control field: 220305|| aca||aabn | a|a d
040 ## - CATALOGING SOURCE
- Original cataloging agency: NUST
- Transcribing agency: NUST
150 ## - HEADING--TOPICAL TERM
- Topical term or geographic name entry element: Christian life
- Form subdivision: Anecdotes
670 ## - SOURCE DATA FOUND
- Source citation: Work cat.: (NUST)0: Gulley, Philip. 90225, Front porch tales /, c1996.
